<?xml version="1.0" encoding="UTF-8"?>
<record
    xmlns:xsi="http://www.w3.org/2001/XMLSchema-instance"
    xsi:schemaLocation="http://www.loc.gov/MARC21/slim http://www.loc.gov/standards/marcxml/schema/MARC21slim.xsd"
    xmlns="http://www.loc.gov/MARC21/slim">

  <leader>00718nam a22002177i 4500</leader>
  <controlfield tag="003">OSt</controlfield>
  <controlfield tag="005">20170307175327.0</controlfield>
  <controlfield tag="008">170307s2016    spc|||||||||||||| ||spa|d</controlfield>
  <datafield tag="017" ind1=" " ind2=" ">
    <subfield code="a">DL. B 22535-2016</subfield>
  </datafield>
  <datafield tag="020" ind1=" " ind2=" ">
    <subfield code="a">9788491165163</subfield>
  </datafield>
  <datafield tag="040" ind1=" " ind2=" ">
    <subfield code="a">ES-BaUOC</subfield>
    <subfield code="b">cat</subfield>
    <subfield code="c">CDMR</subfield>
  </datafield>
  <datafield tag="245" ind1="0" ind2="0">
    <subfield code="a">Periodistas y pol&#xED;ticos en Espa&#xF1;a </subfield>
    <subfield code="c">/ Andreu Casero-Ripoll&#xE9;s, Pablo L&#xF3;pez-Rabad&#xE1;n (eds.)</subfield>
  </datafield>
  <datafield tag="264" ind1=" " ind2="1">
    <subfield code="a">Barcelona :</subfield>
    <subfield code="b">Editorial UOC,</subfield>
    <subfield code="c">2016</subfield>
  </datafield>
  <datafield tag="300" ind1=" " ind2=" ">
    <subfield code="a">246 p&#xE0;gines ;</subfield>
    <subfield code="c">24 cm</subfield>
  </datafield>
  <datafield tag="504" ind1=" " ind2=" ">
    <subfield code="a">Bibliografia</subfield>
  </datafield>
  <datafield tag="650" ind1=" " ind2="7">
    <subfield code="a">Premsa i pol&#xED;tica</subfield>
    <subfield code="z">Espanya</subfield>
    <subfield code="2">lemac</subfield>
    <subfield code="9">4090</subfield>
  </datafield>
  <datafield tag="700" ind1="1" ind2=" ">
    <subfield code="a">Casero Ripoll&#xE9;s, Andreu,</subfield>
    <subfield code="e">editor literari</subfield>
  </datafield>
  <datafield tag="700" ind1="1" ind2=" ">
    <subfield code="a">L&#xF3;pez Rabad&#xE1;n, Pablo,</subfield>
    <subfield code="e">editor literari</subfield>
  </datafield>
  <datafield tag="710" ind1="2" ind2=" ">
    <subfield code="a">Universitat Oberta de Catalunya</subfield>
  </datafield>
  <datafield tag="942" ind1=" " ind2=" ">
    <subfield code="c">MON</subfield>
  </datafield>
  <datafield tag="999" ind1=" " ind2=" ">
    <subfield code="c">7005</subfield>
    <subfield code="d">7005</subfield>
  </datafield>
  <datafield tag="952" ind1=" " ind2=" ">
    <subfield code="0">0</subfield>
    <subfield code="1">0</subfield>
    <subfield code="4">0</subfield>
    <subfield code="7">0</subfield>
    <subfield code="a">CDMR</subfield>
    <subfield code="b">CDMR</subfield>
    <subfield code="d">2017-03-07</subfield>
    <subfield code="e">Intercanvi</subfield>
    <subfield code="g">26.00</subfield>
    <subfield code="l">4</subfield>
    <subfield code="m">4</subfield>
    <subfield code="o">Ck 1/24</subfield>
    <subfield code="p">CDMR17030006</subfield>
    <subfield code="r">2018-10-29</subfield>
    <subfield code="s">2018-09-10</subfield>
    <subfield code="v">26.00</subfield>
    <subfield code="w">2017-03-07</subfield>
    <subfield code="y">MON</subfield>
  </datafield>
</record>
